000 01122nam0a22003131 4500
001 rc\312076
005 20250621032308.0
010 _a5-270-00764-9
_950000
035 _a(NLR Aleph) 005546758
090 _a5767901
_c5767901
100 _a20030307d1990 |||y0rusy50 ca
101 0 _arus
102 _aRU
105 _aa |||||||||
200 1 _aШанс
_eПовести и рассказы
_fЮрий Чубков
210 _aМ.
_cСовременник
_d1990
215 _a266, [2] с.
_cил.
_d21
327 1 _aСодерж.: Повести: Шанс; Аквариум; Рассказы: Остановка; На озере; Победитель
464 0 _12001#$aШанс
_tШанс
464 0 _12001#$aАквариум
_tАквариум
464 0 _12001#$aОстановка
_tОстановка
464 0 _12001#$aНа озере
_tНа озере
464 0 _12001#$aПобедитель
_tПобедитель
700 1 _aЧубков
_bЮ.Д.
_gЮрий Дмитриевич
801 0 _aRU
_bNLR
_gpsbo
801 1 _aRU
_bELAR
_2rusmarc
852 _aNLR
_j90-3/7677
942 _cBOOK
980 _aNB